000 01312nam a2200325 a 4500
001 ebr10681042
003 CaPaEBR
006 m u
007 cr cn|||||||||
008 100624s2011 nyua sb 001 0 eng d
010 _z 2010025433
020 _z9781617283529 (hardcover)
020 _z9781617288142 (e-book)
040 _aCaPaEBR
_cCaPaEBR
035 _a(OCoLC)788360710
050 1 4 _aQ338.8
_b.C39 2011eb
082 0 4 _a153.4/3
_222
245 0 0 _aCase-based reasoning
_h[electronic resource] :
_bprocesses, suitability and applications /
_cAntonia M. Leeland, editor.
260 _aHauppauge, N.Y. :
_bNova Science Publishers,
_cc2011.
300 _ax, 171 p. :
_bill.
490 1 _aEngineering tools, techniques and tables
504 _aIncludes bibliographical references and index.
533 _aElectronic reproduction.
_bPalo Alto, Calif. :
_cebrary,
_d2013.
_nAvailable via World Wide Web.
_nAccess may be limited to ebrary affiliated libraries.
650 0 _aCase-based reasoning.
655 7 _aElectronic books.
_2local
700 1 _aLeeland, Antonia M.
710 2 _aebrary, Inc.
830 0 _aEngineering tools, techniques and tables.
856 4 0 _uhttp://site.ebrary.com/lib/rucke/Doc?id=10681042
_zAn electronic book accessible through the World Wide Web; click to view
999 _c157144
_d157144